000 00393nam a2200145Ia 4500
003 OSt
005 20260114114936.0
008 211028s2012 xx 000 0 und d
040 _cAIMIT LIBRARY
041 _aeng
100 _aK P Akhilkrishnan; Pereira, Shawn.
_g1016043
_96916
245 _aSales performance of fords all new fiesta /
260 _bPereira, Shawn
_c2012
942 _2ddc
_cPRO
999 _c218486
_d218486